CLINICAL PHARMACOLOGY & THERAPEUTICS (Record no. 1142260)

MARC details
000 -LEADER
fixed length control field 00341nam a2200133Ia 4500
008 - FIXED-LENGTH DATA ELEMENTS--GENERAL INFORMATION
fixed length control field 240112s1982 JULY xx 000 0 und d
041 ## - LANGUAGE CODE
Language code of text/sound track or separate title eng
082 ## - DEWEY DECIMAL CLASSIFICATION NUMBER
Classification number 6015.103
100 ## - MAIN ENTRY--PERSONAL NAME
Personal name MODELL W.
245 ## - TITLE STATEMENT
Title CLINICAL PHARMACOLOGY & THERAPEUTICS
260 ## - PUBLICATION, DISTRIBUTION, ETC.
Name of publisher, distributor, etc. THE C.V.MOSBY COMPANY
Date of publication, distribution, etc. 1982 JULY
300 ## - PHYSICAL DESCRIPTION
Extent 810,HB
Dimensions (1-6)
440 ## - SERIES STATEMENT/ADDED ENTRY--TITLE
Volume/sequential designation 32
Holdings
Withdrawn status Lost status Damaged status Not for loan Collection Home library Current library Date acquired Source of acquisition Total Checkouts Full call number Barcode Date last seen Price effective from Koha item type
          Medical College & Hospital, Sangli Medical College & Hospital, Sangli 16/01/2024 RESEACRCH CO.   6015.103 MCS-BV-1482 16/01/2024 16/01/2024 Bound Journals